| 000 | 00744cam a22002413a 4500 | ||
|---|---|---|---|
| 001 | 28864 | ||
| 003 | PGUSA | ||
| 005 | 20140828083626.0 | ||
| 008 | 090518s2009||||xxu|||||s|||||000 | eng d | ||
| 040 |
_aPGUSA _beng |
||
| 042 | _adc | ||
| 050 | 4 | _aQH | |
| 100 | 1 |
_aHall, E. Raymond _q(Eugene Raymond), _d1902-1986 |
|
| 245 | 1 | 2 |
_aA New Subspecies of Microtus montanus from Montana and Comments on Microtus canicaudus Miller _h[electronic resource] / _cE. Raymond Hall |
| 260 |
_bProject Gutenberg, _c2009 |
||
| 506 | _aPublic domain in the USA. | ||
| 516 | _aElectronic text | ||
| 653 | _aMammals -- Montana | ||
| 653 | _aMicrotus | ||
| 830 | 0 |
_aProject Gutenberg _v28864 |
|
| 856 | 4 | 0 | _uhttp://www.gutenberg.org/ebooks/28864 |
| 942 | _cEB | ||
| 999 |
_c258119 _d258119 |
||